Claves éticas para el tercer milenio
Gardado en:
| Autor Principal: | |
|---|---|
| Autor Corporativo: | |
| Formato: | Texto |
| Publicado: |
Heredia:
IEM
|
| Materias: | |
| Etiquetas: |
Engadir etiqueta
Sen Etiquetas, Sexa o primeiro en etiquetar este rexistro!
|
MARC
| LEADER | 00000 a a2200000 04500 | ||
|---|---|---|---|
| 001 | 26787 | ||
| 003 | |||
| 040 | |||
| 090 | |a 149800 | ||
| 100 | |a Lagarde, Marcela | ||
| 110 | |a Universidad Nacional. Instituto de Estudios de la Mujer | ||
| 245 | |a Claves éticas para el tercer milenio | ||
| 260 | |a Heredia: |b IEM | ||
| 300 | |a n. 1 | ||
| 650 | |a FEMINISMO | ||
| 650 | |a ETICA | ||
| 650 | |a IGUALDAD DE GENERO | ||
| 650 | |a RELACIONES DE GENERO | ||
| 999 | |c 1538 |d 1538 | ||
